000 00219 a2200097 4500
001 28091
100 _aRichards, C J
245 _aElectronic display & data sys
260 _a
_bMcGraw-Hill
_c1973
090 _c18788
_d18788
942 _aNUST-CAE
_cM
_c9766
999 _c263164
_d263164